| 000 | 004680000a22001810004500 | ||
|---|---|---|---|
| 003 | MACL | ||
| 005 | 20160128115325.0 | ||
| 008 | 160128b xxu||||| |||| 00| 0 eng d | ||
| 040 |
_aMACL _cMACL |
||
| 041 | _aHindi | ||
| 082 | _a330 | ||
| 100 |
_aगोपाल के पूरी _934727 |
||
| 245 | _aअर्थशास्त्र | ||
| 260 |
_bIIMS Publications _aNew Delhi |
||
| 350 | _a350 | ||
| 650 |
_aEconomics _934728 |
||
| 942 |
_cHIN _k330/PUR _2ddc |
||
| 999 |
_c30562 _d30562 |
||